000 01242nam2a22002411 4500
001 rc\219360
005 20250612181005.0
010 _a5-89896-013-9
_91000
035 _a(NLR Aleph) 008772571
090 _a7933119
_c7933119
100 _a20030307d1993 |||y0rusy50 ca
101 0 _arus
102 _aRU
105 _ay |||||||||
200 1 _aК
_f[Авт.-сост. к. филол. н., доц. В.П. Строгова]
_gГос. ком. Рос. Федерации по высш. образованию. Новгор. гос. ун-т
210 _cНовгор. гос. ун-т
_d1993
_aБ. м.
215 _a192 с.
461 0 _1001rc\219356
_12001#$aНовгородский областной словарь$fМ-во образования Рос. Федерации. Новгор. обл. пед. ин-т$g[Отв. ред. В.П. Строгова, к. филол. н., доц.]$vВып. 4
_97816804
_cНовгород
_d1992-
_fМ-во образования Рос. Федерации. Новгор. обл. пед. ин-т
_nИзд-во НГПИ
_tНовгородский областной словарь
_vВып. 4
801 0 _aRU
_bNLR
_gpsbo
801 1 _aRU
_bELAR
_2rusmarc
852 _aNLR
_bС
_jК-2/7055
942 _cBOOK
980 _aNB